Statistiques concernant Titres des jeux #4 - Ratchet et Clank

Cliquez ici pour prendre le quiz!

Statistiques générales

  • Ce quiz a été pris 12 fois
  • Le résultat moyen est 9 sur 16

Statistiques - réponses

ConsolesTitres de jeux% Correct
/Ratchet et Clank
89%
/Ratchet et Clank
89%
/Ratchet et Clank 2
89%
/Ratchet et Clank 3
89%
/Rift Apart
78%
/A Crack in Time
56%
/All 4 One
56%
/Gladiator
56%
/Nexus
56%
/Q-Force
44%
/Secret Agent Clank
44%
/Before the Nexus
33%
/Going Mobile
33%
/La taille, ça compte
33%
/Opération Destruction
33%
/Quest for Booty
33%

Distribution des résultats

Percentile par nombre de réponses

% des personnes avec chaque résultat

Votre développement - résultats

Vous n’avez pas pris ce quiz